000
00249nam a2200109Ia 4500
008
221030s9999 xx 000 0 und d
082
_a
105.23
_b
MCA
245
0
_a
Office 2000: The Complete Reference
_b
CD
260
_c
2000
650
_a
Book
942
_c
CD
999
_c
244
_d
244